000 00702pam a2200229 a 4500
001 3526508
005 20240206011050.0
008 960823s1997 nyu b 001 0 eng
020 _a0415916356 (hb : acidfree paper)
020 _a0415916364 (pb : acidfree paper)
040 _aDLC
_cDLC
_dDLC
082 0 0 _a306.7
_220
245 0 0 _aSex, morality, and the law /
_cedited by Lori Gruen and George E. Panichas.
260 _aNew York :
_bRoutledge,
_c1997.
300 _ax, 454 p. ;
650 0 _aSex and law
650 0 _aSexual ethics
700 1 _aGruen, Lori.
_eedt
700 1 _aPanichas, George E.,
_eedt
856 4 2 _uhttp://www.loc.gov/catdir/enhancements/fy0651/96041606-d.html
942 _cL
999 _c294
_d294